[Event "Groningen op"]
[Site "Groningen"]
[Date "1994.??.??"]
[Round "11"]
[White "Fontaine, Robert"]
[Black "Nijboer, Friso"]
[Result "0-1"]
[WhiteElo "2155"]
[BlackElo "2510"]

1.e4 d6 2.d4 g6 3.Nc3 Bg7 4.f4 Nc6 5.Be3 Nf6 6.Nf3 O-O 7.Be2 e6 8.O-O Ne7
9.Qe1 b6 10.Qh4 d5 11.Ng5 h6 12.f5 dxe4 13.fxe6 hxg5 14.Bxg5 Qxd4+ 15.Kh1 fxe6
16.Rad1 Qe5 17.Bf4 g5 18.Bxg5 Ng6 19.Bxf6 Nxh4 20.Bxe5 Bxe5 21.Nxe4 Bb7  0-1

[Event "Guines"]
[Site "Guines"]
[Date "1994.??.??"]
[Round "4"]
[White "Lopez, Carlos Manuel"]
[Black "Espinosa, Julio"]
[Result "1-0"]
[WhiteElo "2330"]
[BlackElo "2340"]

1.e4 g6 2.d4 Bg7 3.Nc3 d6 4.f4 c6 5.Nf3 Bg4 6.Be3 Qb6 7.Qd2 Bxf3 8.gxf3 Nd7
9.O-O-O Qa5 10.Kb1 b5 11.Bd3 b4 12.Ne2 Ngf6 13.f5 Rb8 14.Bh6 Bxh6 15.Qxh6 gxf5
16.Rhg1 Nb6 17.Nc1 fxe4 18.Rg5 Nbd5 19.Nb3 Qa4 20.fxe4 Nc3+ 21.bxc3 bxc3
22.Ka1 c5 23.dxc5 Qa3 24.Rb1 Rb4 25.Bb5+ Rxb5 26.cxd6 Rxg5 27.Qxg5 Qxd6 28.e5 Qd5
29.Qg7 Rg8 30.exf6 Rxg7 31.fxg7 f6 32.Rg1 Qg8 33.Nd4 e6 34.Nxe6 Kd7 35.Nd4 Qb8
36.Rb1 Qg8 37.Rb7+  1-0

[Event "Gyongyos op2"]
[Site "Gyongyos"]
[Date "1994.??.??"]
[Round "?"]
[White "Ebert, Wolfgang"]
[Black "Tatai, Stefano"]
[Result "1/2-1/2"]
[WhiteElo "2270"]
[BlackElo "2445"]

1.e4 g6 2.d4 Bg7 3.Nc3 d6 4.f4 Nf6 5.Nf3 O-O 6.Bd3 Nc6 7.e5 dxe5 8.fxe5 Nd5
9.Nxd5 Qxd5 10.c3 Bg4 11.O-O Rad8 12.Qe2 Nxe5 13.Be4 Qc4 14.Qxc4 Nxc4 15.Bxb7  1/2-1/2

[Event "Hania op"]
[Site "Hania"]
[Date "1994.??.??"]
[Round "2"]
[White "Sioris, Georgios"]
[Black "Nenashev, Alexander"]
[Result "0-1"]
[WhiteElo "2220"]
[BlackElo "2575"]

1.e4 g6 2.d4 Bg7 3.Nc3 d6 4.Be3 c6 5.Qd2 Nd7 6.O-O-O b5 7.h4 h5 8.Nh3 Nb6
9.Ng5 b4 10.Nb1 a5 11.e5 Nh6 12.Bd3 Nf5 13.Rhe1 Nd5 14.Bf4 O-O 15.e6 fxe6
16.g3 Qe8 17.Nxe6 Bxe6 18.Rxe6 Qf7 19.Rde1 Nxh4 20.gxh4 Nxf4 21.Rxe7 Bh6
22.Kd1 Qxa2 23.c3 Rab8 24.R1e6 Rf7 25.Rxf7 bxc3 26.Rxf4 cxd2 27.Rxg6+  0-1

[Event "EU-ch U18 Girls"]
[Site "Hania"]
[Date "1994.??.??"]
[Round "8"]
[White "Bartosik, Olimpia"]
[Black "Danielian, Elina"]
[Result "0-1"]
[WhiteElo "2115"]
[BlackElo "2320"]

1.e4 d6 2.d4 g6 3.Nc3 Bg7 4.Nf3 Nf6 5.Be2 O-O 6.O-O c6 7.a4 a5 8.h3 Nbd7
9.Bf4 Nh5 10.Bg5 h6 11.Be3 e5 12.Qc1 Kh7 13.Rd1 Qc7 14.dxe5 dxe5 15.Bc4 Nf4
16.Ne2 g5 17.Ng3 Nb6 18.Bf1 Be6 19.b3 Nd7 20.Ra2 Rfe8 21.Qb1 Nf6 22.c3 N6h5
23.Nxh5 Nxh5 24.Nd2 g4 25.hxg4 Bxg4 26.f3 Be6 27.Nc4 Ng3 28.Kf2 Nxf1 29.Rxf1 b5
30.Nd2 Red8 31.Rh1 Rd6 32.f4 bxa4 33.Rxa4 Qd7 34.Nf3 Bg4 35.Qc1 exf4 36.Bxf4 Rg6
37.b4 Qd3 38.Rxa5 Re8 39.Qb1 Qxc3 40.Bd2 Qf6 41.Be3 Kg8 42.Ra7 Bxf3 43.gxf3 Qe5
44.Rd7 Qg3+ 45.Ke2 Qg2+ 46.Bf2 Rf6  0-1

[Event "Harkany op"]
[Site "Harkany"]
[Date "1994.??.??"]
[Round "2"]
[White "Zetocha, Claudiu"]
[Black "Chernyshov, Konstantin"]
[Result "1-0"]
[WhiteElo "2320"]
[BlackElo "2485"]

1.e4 g6 2.d4 Bg7 3.Nc3 d6 4.Nf3 Bg4 5.Be2 Nc6 6.Be3 e5 7.d5 Bxf3 8.Bxf3 Nce7
9.Ne2 f5 10.c4 Nf6 11.Nc3 O-O 12.h3 Qd7 13.g4 c6 14.g5 Nxe4 15.Nxe4 fxe4
16.Bxe4 cxd5 17.Bxd5+ Kh8 18.Be4 Rac8 19.Qd3 b5 20.Rd1 Rxc4 21.b3 Rxe4 22.Qxe4 d5
23.Qg4 Nf5 24.O-O Re8 25.Rfe1 a6 26.Rc1 e4 27.Bf4 Qe6 28.Bd2 Kg8 29.Rc7 Be5
30.Rc2 Kf7 31.Kf1 Nd4 32.Qxe6+ Kxe6 33.Rcc1 Nf3 34.Red1 Nxd2+ 35.Rxd2 Bf4
36.Rc6+ Ke5 37.Rdc2 Bxg5 38.Rc8 Rxc8 39.Rxc8 Kd4 40.Ke2 a5 41.Ra8 b4 42.Rxa5 Bf4
43.Rb5 Bd6 44.Rb7 h6 45.Rg7 g5 46.Rg6 Bf8 47.Rf6 Bg7 48.Rf7 Be5 49.Rb7 Bd6
50.Rh7 Bf8 51.Rh8 Bg7 52.Rh7 Bf8 53.Rf7 Bc5 54.Rb7 Bd6 55.f3 h5 56.Rg7 Bf4
57.fxe4 dxe4 58.Rg6 h4 59.Rb6 Kc3 60.Rc6+ Kb2 61.Rc4 Bd6 62.Rd4 Bf8 63.Rd2+ Kb1
64.Rd8 Bg7 65.Rd7 Bf6 66.Rd6 Bg7 67.Rd7 Bf6 68.Ra7 Bd4 69.Ra4 Bc5 70.Ra5 Bd4
71.Kd2 Bb6 72.Rb5 Bc7 73.Ke3 Kxa2 74.Rxb4 g4 75.hxg4 h3 76.Rb5 h2 77.Rh5 Kxb3
78.Kxe4 Kc3 79.g5  1-0

[Event "Hastings op9495"]
[Site "Hastings"]
[Date "1994.??.??"]
[Round "?"]
[White "Schmedders, Hans Gerd"]
[Black "Conquest, Stuart"]
[Result "1-0"]
[WhiteElo "2305"]
[BlackElo "2505"]

1.e4 g6 2.d4 Bg7 3.Nc3 d6 4.Bc4 Nf6 5.Qe2 Nc6 6.e5 Nxd4 7.exf6 Nxe2 8.fxg7 Rg8
9.Ngxe2 Rxg7 10.Bh6 Rg8 11.h4 c6 12.O-O-O Qa5 13.Rhe1 Be6 14.Bxe6 fxe6 15.Nf4 e5
16.Ne6 Kd7 17.Ng5 Rae8 18.g3 Kc8 19.a3 b5 20.Ne6 g5 21.h5 g4 22.Bg7 b4 23.axb4 Qxb4
24.Re4 Qb6 25.Rd2 Qa6 26.h6 Qf1+ 27.Nd1 a5 28.b3 Kb7 29.Ng5 Ra8 30.Rxg4 a4
31.bxa4 Ra5 32.Rb4+ Kc7 33.Ne6+ Kc8 34.Rd3 c5 35.Rh4 Kd7 36.Nf8+ Kc6 37.Nxh7 d5
38.Bxe5 c4 39.Ra3 Ra7 40.f4 Qe1 41.Ng5  1-0

[Event "EU-ch U14"]
[Site "Herculane"]
[Date "1994.??.??"]
[Round "4"]
[White "Mah, Karl"]
[Black "Felecan, Florin"]
[Result "1-0"]
[WhiteElo "2145"]
[BlackElo "2220"]

1.e4 g6 2.d4 Bg7 3.Nc3 d6 4.h3 a6 5.a4 b6 6.Nf3 Bb7 7.Be3 Nd7 8.Be2 e6 9.O-O Ne7
10.Nd2 O-O 11.f4 d5 12.e5 c5 13.Nb3 Nf5 14.Bf2 Rc8 15.Na2 cxd4 16.Nxd4 Nxd4
17.Bxd4 Nc5 18.Nb4 a5 19.Nd3 Ne4 20.Kh2 Bh6 21.c3 Ba6 22.g3 Bg7 23.Nf2 Bb7
24.Bf3 Nc5 25.Ng4 Nd7 26.Be2 f5 27.exf6 Bxf6 28.Nxf6+ Nxf6 29.Bg4 Rc6 30.Qe2 Bc8
31.Qe5 Qd6 32.Be2 Qxe5 33.fxe5 Nd7 34.Rxf8+ Kxf8 35.Bb5 Rc7 36.Bxd7 Bxd7
37.Bxb6 Rc4 38.Bxa5 Rxa4 39.Bb4+ Kg7 40.Rf1 Bb5 41.Rf6 Ra6 42.Bf8+ Kg8 43.Bd6 Bd7
44.Rf8+ Kg7 45.Rb8 Ra7 46.Bc5 Rc7 47.Bb6 Rc6  1-0

[Event "EU-ch U14"]
[Site "Herculane"]
[Date "1994.??.??"]
[Round "9"]
[White "Vajda, Levente"]
[Black "Felecan, Florin"]
[Result "0-1"]
[WhiteElo "2200"]
[BlackElo "2220"]

1.e4 g6 2.d4 Bg7 3.Nc3 d6 4.g3 Nc6 5.Be3 e5 6.d5 Nce7 7.Qd2 f5 8.f3 Nf6 9.O-O-O fxe4
10.fxe4 Ng4 11.h3 Nxe3 12.Qxe3 Ng8 13.Kb1 Bh6 14.Qd3 Nf6 15.Be2 O-O 16.g4 Nd7
17.h4 Nc5 18.Qg3 Bf4 19.Qg2 h6 20.Nh3 Bd7 21.Nxf4 Rxf4 22.Rdf1 Qe7 23.Bf3 Rf7
24.g5 h5 25.Rf2 Raf8 26.Rhf1 Rf4 27.Qh2 Qf7 28.b4 Bg4 29.bxc5 Bxf3 30.Qg3 Be2
31.Rxf4 exf4 32.Qf2 Bxf1 33.Qxf1 Qg7 34.Qf3 Qd4 35.e5 dxe5 36.d6 cxd6 37.Nd5 e4
38.Qb3 Kg7 39.Nf6 Rxf6 40.gxf6+ Kxf6 41.Qg8 dxc5 42.Qf8+ Ke5 43.Qe7+ Kd5
44.Qxb7+ Ke6 45.Qc6+ Ke5 46.Qe8+ Kf5 47.Qc8+ Ke5 48.Qe8+ Kd5 49.Qg8+ Kc6
50.Qc8+ Kb6 51.Qb8+ Ka6 52.a3 e3 53.Qc8+ Kb6 54.Qb8+ Kc6 55.Qc8+ Kd6 56.Qe8  0-1

[Event "HUN-chT 9394"]
[Site "?"]
[Date "1994.??.??"]
[Round "?"]
[White "Laszlo, Janos"]
[Black "Vadasz, Laszlo"]
[Result "0-1"]
[WhiteElo "2280"]
[BlackElo "2365"]

1.d4 d6 2.e4 g6 3.Nc3 Bg7 4.f4 Nf6 5.e5 Nfd7 6.e6 fxe6 7.Nf3 c5 8.Ng5 Nf6
9.dxc5 Nc6 10.Bc4 d5 11.Bb5 O-O 12.Bxc6 bxc6 13.O-O Nh5 14.Qe1 Qc7 15.Nxe6 Bxe6
16.Qxe6+ Kh8 17.Ne2 Rae8 18.Be3 Bxb2 19.Rab1 Ng7 20.Qh3 Bf6 21.g4 e6 22.g5 Be7
23.Bd4 Rf7 24.Kh1 Bf8 25.Be5 Qd7 26.Qc3 Kg8 27.Nd4 Nf5 28.Rb3 Nxd4 29.Qxd4 Bg7
30.Bxg7 Rxg7 31.Rfb1 e5 32.fxe5 Qf5 33.Rb8 Re7 34.c4 Rxe5 35.Rxe8+ Rxe8 36.Rd1 Qf3+
37.Kg1 Re4  0-1

[Event "HUN-chT 9394"]
[Site "?"]
[Date "1994.??.??"]
[Round "?"]
[White "Tompa, Janos"]
[Black "Vadasz, Laszlo"]
[Result "1/2-1/2"]
[WhiteElo "2640"]
[BlackElo "2375"]

1.e4 g6 2.d4 Bg7 3.Nc3 d6 4.Nf3 Nf6 5.Be2 O-O 6.O-O c6 7.h3 Nbd7 8.a4 e5
9.dxe5 dxe5 10.Be3 Qe7 11.Nd2 Nc5 12.Bc4  1/2-1/2

[Event "HUN-chT 9394"]
[Site "?"]
[Date "1994.??.??"]
[Round "?"]
[White "Almasi, Zoltan"]
[Black "Poor, Istvan"]
[Result "1-0"]
[WhiteElo "2610"]
[BlackElo "2280"]

1.e4 g6 2.d4 Bg7 3.Nc3 d6 4.Be3 c6 5.Qd2 b5 6.f3 Qa5 7.h4 h5 8.Nh3 Bxh3 9.Rxh3 a6
10.g4 Nf6 11.g5 Nfd7 12.f4 b4 13.Nd1 c5 14.Bg2 Nc6 15.e5 Rc8 16.Bxc6 Rxc6
17.d5 Rc8 18.exd6 exd6 19.f5 gxf5 20.Bf4 O-O 21.Ne3 Rfe8 22.Kf1 c4 23.Nxf5 c3
24.bxc3 Rxc3 25.Nxg7 Kxg7 26.Rxc3 bxc3 27.Qd4+ Ne5 28.Re1 f6 29.gxf6+ Kxf6
30.a4 Qc7 31.Re3 Rf8 32.Bxe5+ dxe5 33.Rf3+ Kg6 34.Qg1+ Kh7 35.Rxf8 Qc4+ 36.Ke1 Qe4+
37.Kd1 Qxd5+ 38.Kc1 Qd2+ 39.Kb1 Qd5 40.Rb8 a5 41.Rb6 Qf7 42.Qh1 Qc4 43.Qb7+  1-0

[Event "HUN-chT 9394"]
[Site "?"]
[Date "1994.??.??"]
[Round "?"]
[White "Pirisi, Gabor"]
[Black "Valis, Janos"]
[Result "1/2-1/2"]
[WhiteElo "2400"]
[BlackElo "2315"]

1.e4 g6 2.d4 Bg7 3.Nc3 d6 4.Be3 c6 5.Qd2 Nd7 6.Nf3 e5 7.dxe5 dxe5 8.Bc4 Ngf6
9.h3 O-O 10.a4 Qe7 11.O-O Nc5 12.Bg5 a5 13.Rfe1 Qc7 14.Rad1 Be6 15.Qe3 Nfd7
16.Bf1 f6 17.Bh4 Na6 18.b3 Nb4 19.Qc1 Rad8 20.Bg3 Nc5 21.Qe3 Qe7 22.Rc1 Rd7
23.Nd2 Rfd8 24.Nc4 Bxc4 25.Bxc4+ Kf8 26.f3 Ne6 27.Bxe6 Qxe6 28.Qc5+ Qd6 29.Qxa5 Qd4+
30.Bf2 Qxc3 31.Qc5+ Qxc5 32.Bxc5+ Kf7 33.Bxb4 Bh6 34.Ra1 Bd2 35.Bxd2 Rxd2
36.Rac1 Ke6 37.Kf1 Kd6 38.Re2 Kc5 39.Ke1 R2d7 40.Kf2 Kb4 41.Ke3 Kc3 42.f4 Rd1
43.Rxd1 Rxd1 44.fxe5 fxe5 45.Rf2  1/2-1/2

[Event "HUN-chT 9394"]
[Site "?"]
[Date "1994.??.??"]
[Round "?"]
[White "Piroth, Attila"]
[Black "Abel, Lajos"]
[Result "1/2-1/2"]
[WhiteElo "2230"]
[BlackElo "2280"]

1.e4 d6 2.d4 g6 3.Nc3 Bg7 4.f4 Nf6 5.Nf3 O-O 6.Bd3 c5 7.dxc5 dxc5 8.e5 Nd5
9.Nxd5 Qxd5 10.Qe2 Nc6 11.Bc4 Qd8 12.Be3 Bg4 13.Rd1 Qc7 14.O-O Rad8 15.h3 Bxf3
16.Qxf3 Nd4 17.Bxd4 cxd4 18.Bb3 Kh8 19.Qe4 f6 20.exf6 Bxf6 21.f5 Qe5 22.Qxe5 Bxe5
23.fxg6 hxg6 24.Rfe1 Bf6 25.Re6 Kg7 26.Bc4 Rc8 27.Bd3 Rc6 28.Rde1 Rfc8 29.R1e2 Bg5
30.R2e5 Bf6 31.Rxc6 Rxc6 32.Rd5 Rc7 33.g4 e6 34.Rb5 b6 35.a4 Be7 36.a5 bxa5
37.Rxa5 Bc5 38.Rb5 Be7 39.Kg2 g5 40.Be4 Kf6 41.Rb7 Rxb7 42.Bxb7 a5 43.Kf3 Ke5
44.Be4 Bf6  1/2-1/2

[Event "HUN-chT 9394"]
[Site "?"]
[Date "1994.??.??"]
[Round "?"]
[White "Karolyi, Tibor Jr"]
[Black "Poor, Istvan"]
[Result "0-1"]
[WhiteElo "2395"]
[BlackElo "2280"]

1.e4 g6 2.d4 Bg7 3.Nc3 d6 4.Be3 c6 5.Qd2 b5 6.f3 Nf6 7.g4 Qa5 8.Bg2 Nbd7
9.Nge2 Bb7 10.h4 Nb6 11.b3 h5 12.g5 Nfd7 13.f4 c5 14.O-O b4 15.Nd1 f5 16.Nf2 fxe4
17.Nxe4 Nd5 18.Rad1 O-O-O 19.Bf2 Rhf8 20.a3 cxd4 21.Bxd4 Bxd4+ 22.Nxd4 Qb6
23.Kh2 bxa3 24.c4 Nc7 25.b4 e5 26.Nb3 Bxe4 27.Bxe4 exf4 28.Qxd6 Qxd6 29.Rxd6 Ne5
30.Rxg6 Nxg6 31.Bxg6 Ne6 32.Kg2 f3+ 33.Kg3 Nf4 34.Be4 Ne2+ 35.Kf2 Nd4 36.Nc5 a2
37.Ra1 Nc2 38.Rxa2 Rd2+ 39.Kg3 f2 40.Bg2 f1=Q  0-1

[Event "HUN-chT2 9394"]
[Site "?"]
[Date "1994.??.??"]
[Round "?"]
[White "Bezdan, Tibor"]
[Black "Sandor, Jozsef"]
[Result "1/2-1/2"]
[WhiteElo "2270"]
[BlackElo "2290"]

1.e4 d6 2.d4 g6 3.Nc3 Bg7 4.Nf3 Nf6 5.Be2 O-O 6.O-O Nc6 7.d5 Nb8 8.Bg5 Nfd7
9.Qd2 Re8 10.Rfe1 c5 11.h4 a6 12.a4 Qb6 13.Nd1 Nf6 14.a5 Qc7 15.Bd3 Bg4 16.Ne3 Bxf3
17.gxf3 Nbd7 18.Nc4 Ne5 19.Nxe5 dxe5 20.Bc4 Nh5 21.Re3 Nf4 22.b4  1/2-1/2

[Event "HUN-chT2 9394"]
[Site "?"]
[Date "1994.??.??"]
[Round "?"]
[White "Burjan, Anita"]
[Black "Vereczkei, J."]
[Result "1-0"]
[WhiteElo "2035"]
[BlackElo "2390"]

1.e4 d6 2.d4 g6 3.Nc3 Bg7 4.Nf3 Nf6 5.Be3 O-O 6.h3 Nbd7 7.Qd2 Re8 8.e5 c6
9.exf6 Bxf6 10.Ne4 Bg7 11.Bh6 Bh8 12.h4 d5 13.Ng3 e5 14.h5 exd4+ 15.Be2 c5
16.hxg6 fxg6 17.Ng5 Nf6 18.Kf1 Bd7 19.Rd1 a6 20.c4 dxc3 21.bxc3 Bc6 22.Qc2 Qd7
23.Bd3 Ba4 24.Qb1 Bxd1 25.Qxd1 Re7 26.c4 b5 27.cxb5 axb5 28.Qc2 Qe8 29.Be2 c4
30.Nf3 Rd8 31.Be3 Ne4 32.Nxe4 Rxe4 33.Ng5 Re7 34.Bc5 Rb7 35.Bg4 Bf6 36.Ne6 Rc8
37.Qd2 Qc6 38.Qf4 Rf7 39.Qe3 Re8 40.f4 d4 41.Nxd4 Rxe3 42.Nxc6 Re4 43.Bd6 c3
44.Kf2 Kg7 45.Bf3 Re6 46.Bb4 Rc7 47.Ne5 Be7 48.Ba5 Ra7 49.Bxc3 Rxa2+ 50.Kg3 Rc2
51.Ba1 Bf6 52.Rb1 Ra6 53.Bd4 Ra4 54.Ba1 Ra3 55.Rd1 Rc7 56.Bb2 Rb3 57.Bd4 b4
58.Bb6 Re7 59.Ng4 Bc3 60.Bc5 Rc7 61.Bd6 Ra7 62.Bb8 Re7 63.Rd8 Be1+ 64.Kh2 h5
65.Be5+ Rxe5 66.Nxe5 Rc3 67.Rd7+ Kf6 68.Rd6+  1-0

[Event "HUN-chT2 9394"]
[Site "?"]
[Date "1994.??.??"]
[Round "?"]
[White "Ruck, Robert"]
[Black "Puschmann, Laszlo"]
[Result "1/2-1/2"]
[WhiteElo "2420"]
[BlackElo "2335"]

1.e4 d6 2.d4 g6 3.Nc3 Bg7 4.Nf3 Nf6 5.Be2 O-O 6.O-O c6 7.Re1 Qc7 8.Bf4 Nh5
9.Be3 b5 10.e5 b4 11.Na4 Bh8 12.c3 bxc3 13.Nxc3 d5 14.Rc1 Qd8 15.Na4 Ng7
16.Bd2 Ne6 17.Bb4 Bg7 18.Qd2 Qd7 19.Rc3 Ba6 20.Nc5 Nxc5 21.Bxc5 Bxe2 22.Qxe2 Qb7
23.Rb3 Qc7 24.Ng5 h6 25.Nh3 Re8 26.e6 f5 27.Rg3 Kh7 28.Qd3 Rf8 29.Qa3 Bf6
30.Rb3 Re8 31.g3 Qc8 32.Nf4 Na6 33.h4 Nxc5 34.Qxc5 Qa6 35.h5 g5 36.Ng6 Qc4
37.Qa5 Qxd4 38.Rb7 Rab8 39.Qc7 Rxb7 40.Qxb7 Qd2 41.Rf1 Qc2 42.b4 Qc4 43.a4 f4
44.b5 cxb5 45.Qd7 Rg8  1/2-1/2

[Event "HUN-chT2 9394"]
[Site "?"]
[Date "1994.??.??"]
[Round "?"]
[White "Schmikli, Laszlo"]
[Black "Vargyas, Zoltan"]
[Result "0-1"]
[WhiteElo "2095"]
[BlackElo "2275"]

1.e4 g6 2.d4 Bg7 3.Nc3 d6 4.Be2 Nf6 5.g4 Nc6 6.g5 Nd7 7.d5 Nd4 8.Be3 e5 9.dxe6 Nxe6
10.f4 h6 11.f5 Nxg5 12.h4 Bxc3+ 13.bxc3 Nxe4 14.fxg6 fxg6 15.Bf3 Ndf6 16.Bxe4 Nxe4
17.Qd4 Nf6 18.O-O-O Bg4 19.Rf1 Bf5 20.h5 c5 21.Qc4 Qe7 22.Re1 O-O-O 23.hxg6 Ng4
24.Bd2 Qf6 25.Nf3 Rde8 26.g7 Qxg7 27.Qa4 Bd7 28.Qxa7 Bc6 29.Rhf1 Rxe1+ 30.Nxe1 Ne5
31.Rf4 Kd7 32.Qb6 Rf8 33.Rxf8 Qxf8 34.Qb3 h5 35.c4 Qf1 36.Qg3 Qxc4 37.Bc3 Qg4
38.Bxe5 dxe5 39.Qxe5 b6 40.Nd3 Qg1+ 41.Kd2 Qg2+ 42.Kc3 Qg4 43.Qf4 Qxf4 44.Nxf4 h4
45.Kd3 Kd6  0-1

[Event "HUN-chT2 9394"]
[Site "?"]
[Date "1994.??.??"]
[Round "?"]
[White "Simo, Judit"]
[Black "Vereczkei, J."]
[Result "1-0"]
[WhiteElo "2035"]
[BlackElo "2390"]

1.e4 d6 2.d4 g6 3.Nc3 Bg7 4.f4 Nc6 5.Be3 e5 6.dxe5 dxe5 7.Qxd8+ Kxd8 8.O-O-O+ Bd7
9.Nd5 Nge7 10.Nf3 exf4 11.Bxf4 Nxd5 12.exd5 Ne7 13.Ng5 Ke8 14.Bc4 h6 15.Nxf7 Kxf7
16.d6+ Kf8 17.dxe7+ Ke8 18.Rhf1 Bf5 19.Bxc7 Rc8 20.Rfe1 Bd7 21.Bf7+ Kxf7
22.Rxd7 Rhe8 23.Bg3  1-0

[Event "HUN-chT2 9394"]
[Site "?"]
[Date "1994.??.??"]
[Round "?"]
[White "Forgacs, Attila"]
[Black "Puschmann, Laszlo"]
[Result "0-1"]
[WhiteElo "2170"]
[BlackElo "2335"]

1.e4 g6 2.d4 Bg7 3.Nc3 d6 4.Be3 Nd7 5.Qd2 a6 6.f3 b5 7.h4 h5 8.Nh3 Bb7 9.a3 e6
10.Nf2 c6 11.d5 exd5 12.exd5 c5 13.Nfe4 Ne5 14.Bg5 Qb6 15.Bxb5+ axb5 16.Nxb5 Kf8
17.Nexd6 Ba6 18.Qe2 Nh6 19.Bxh6 Rxh6 20.c4 g5 21.Nf5 Re8 22.O-O-O Nxc4 23.Qxc4 Bxb5
24.Qb3 Ba4 25.Qxb6 Rxb6 26.Nxg7 Re2 27.Rd2 Rxd2 28.Kxd2 Rxb2+ 29.Kd3 Kxg7
30.hxg5 Rxg2 31.Rxh5 Bb5+ 32.Ke4 Re2+ 33.Kf4 c4 34.d6 Bd7 35.g6 Kxg6 36.Rc5 Be6
37.a4 Rd2 38.Rc6 Kf6 39.a5 Ra2 40.a6 Ra4 41.Ke4 Ra3 42.Kd4 Rd3+ 43.Kc5 Bd5
44.d7+ Bxc6 45.Kxc6 Ke7  0-1

[Event "JUG-chT"]
[Site "Igalo"]
[Date "1994.??.??"]
[Round "?"]
[White "Indjic, Dusan"]
[Black "Joksimovic, Dragoljub"]
[Result "1-0"]
[WhiteElo "2365"]
[BlackElo "2315"]

1.d4 g6 2.e4 Bg7 3.Nc3 d6 4.Be3 Nf6 5.Qd2 c6 6.O-O-O Qa5 7.f3 Nbd7 8.Kb1 a6
9.g4 b5 10.Bh6 Bxh6 11.Qxh6 b4 12.Nce2 Nb6 13.Nc1 Bxg4 14.fxg4 Nxe4 15.Qe3 Nc3+
16.bxc3 Nd5 17.Qf3 bxc3 18.Bc4 Qa3 19.Nd3 Rb8+ 20.Ka1 Nb4 21.Bb3 Nxd3 22.Qxc6+ Kf8
23.Qxc3 Nb4 24.Ne2 Kg7 25.Qb2 Qa5 26.d5+ f6 27.c3 Nxa2 28.Qxa2 Qc5 29.Qc2  1-0

[Event "JUG-chT"]
[Site "Igalo"]
[Date "1994.??.??"]
[Round "?"]
[White "Itkis, Boris"]
[Black "Damljanovic, Branko"]
[Result "0-1"]
[WhiteElo "2455"]
[BlackElo "2505"]

1.d4 d6 2.e4 g6 3.Nc3 Bg7 4.Nf3 Nf6 5.Bf4 O-O 6.Qd2 Bg4 7.Be2 Nc6 8.d5 Bxf3
9.Bxf3 Ne5 10.Be2 c6 11.dxc6 bxc6 12.O-O Qc7 13.Rab1 Rfd8 14.Rfd1 a5 15.b3 Rab8
16.a3 Ned7 17.Bf3 Nf8 18.Be3 h5 19.h3 Ne6 20.g3 Qc8 21.Ba7 Rb7 22.Be3 Rb8
23.Ba7 Rb7 24.Be3 Qb8 25.Bg2 Rbd7 26.Qe1 d5 27.exd5 cxd5 28.Na4 d4 29.Bd2 Rc8
30.c4 dxc3 31.Bxc3 Rxd1 32.Qxd1 h4 33.g4 Nf4 34.Qf3 Nxg2 35.Kxg2 Qb5 36.Re1 Nd5
37.Bxg7 Kxg7 38.Re5 e6 39.Nb2 Rc1 40.Nc4 a4 41.g5 axb3 42.Qf6+ Kg8 43.Qd8+ Kh7
44.Qf8 Qb7  0-1

[Event "JUG-chT"]
[Site "Igalo"]
[Date "1994.??.??"]
[Round "?"]
[White "Mikhalchishin, Adrian"]
[Black "Rakic, Tomislav"]
[Result "1-0"]
[WhiteElo "2510"]
[BlackElo "2435"]

1.e4 g6 2.d4 Bg7 3.Nc3 d6 4.f4 Nf6 5.Nf3 O-O 6.Be3 c6 7.Bd3 Qb6 8.Rb1 a5
9.h3 a4 10.O-O a3 11.b4 e5 12.fxe5 dxe5 13.Nxe5 Nxe4 14.Nxe4 Bxe5 15.Bc4 Bf5
16.Qd2 Rd8 17.dxe5 Rxd2 18.Nf6+ Kg7 19.Bxb6  1-0

[Event "JUG-chT"]
[Site "Igalo"]
[Date "1994.??.??"]
[Round "?"]
[White "Novoselski, Zoran"]
[Black "Strikovic, Aleksa"]
[Result "1-0"]
[WhiteElo "2360"]
[BlackElo "2515"]

1.e4 g6 2.d4 Bg7 3.Nc3 d6 4.Nf3 Nf6 5.Be2 O-O 6.O-O c6 7.a4 a5 8.Be3 Na6
9.Nd2 Nb4 10.Ncb1 e5 11.c3 exd4 12.Bxd4 Na6 13.Nc4 Nxe4 14.Bxg7 Kxg7 15.Qd4+ Qf6
16.Qxe4 d5 17.Qe5 dxc4 18.Qxa5 Re8 19.Bxc4 Re5 20.Qb6 Nc5 21.f4 Rh5 22.Be2 Nxa4
23.Qc7 Rf5 24.Bg4 Qe6 25.Bxf5 Qe3+ 26.Kh1 Bxf5 27.Qe5+ Qxe5 28.fxe5 Bc2 29.Nd2 Rd8
30.Nc4 b5 31.Nd6 Bb3 32.c4 Rd7 33.cxb5 cxb5 34.Rf3 Be6 35.b3 Nc5 36.b4 Nb3
37.Rd1 Kg8 38.h3 Ra7 39.Nxb5 Rb7 40.Rd8+ Kg7 41.Nd4 Rxb4 42.Nxe6+ fxe6 43.Rd7+ Kh6
44.Rd6 Kg5 45.Rxe6 Nd2 46.Rd3 Rb1+ 47.Kh2 Kf5 48.Re8 Nf1+ 49.Kg1 Ke4 50.Red8 Ng3+
51.Kf2 Nh1+ 52.Ke2 Kxe5 53.Rf3 Rg1 54.g4 h5 55.Re8+ Kd4 56.gxh5 gxh5 57.Rf4+ Kd5
58.Rf5+ Kd4 59.Rxh5 Rg2+ 60.Kf1 Rd2 61.Rg5 Rb2 62.Re2  1-0

[Event "JUG-chT"]
[Site "Igalo"]
[Date "1994.??.??"]
[Round "?"]
[White "Vujosevic, Vladimir"]
[Black "Nikolic, Zivoslav"]
[Result "1/2-1/2"]
[WhiteElo "2225"]
[BlackElo "2470"]

1.e4 g6 2.d4 Bg7 3.Nc3 d6 4.Be3 c6 5.Qd2 a6 6.f4 Nf6 7.Nf3 b5 8.Bd3 Nbd7
9.h3 Nb6 10.O-O Nc4 11.Bxc4 bxc4 12.g4 d5 13.e5 Ne4 14.Nxe4 dxe4 15.Ng5 f5
16.exf6 exf6 17.Nxe4 f5 18.Nc3 fxg4 19.Qg2 Qd7 20.f5 O-O 21.hxg4 Bxd4 22.Bxd4 Qxd4+
23.Kh1 gxf5 24.gxf5+ Kh8 25.Qh3 c5 26.Rad1 Qe5 27.Qf3 Rb8 28.Qf4 Qxf4 29.Rxf4 Bxf5
30.Rdf1 Rxb2 31.Rxf5 Rxf5 32.Rxf5 Rxc2 33.Rf3 Kg7 34.a4 h5 35.Ne4 Kg6 36.Rf6+ Kg7
37.Rc6 Ra2 38.Rxa6 Re2 39.Nxc5 c3 40.Rc6 c2 41.Nb3 Re1+ 42.Kg2 Rb1 43.Rxc2 Rxb3  1/2-1/2

[Event "IND-ch"]
[Site "?"]
[Date "1994.??.??"]
[Round "2"]
[White "Dave, Kantilal"]
[Black "Mishra, Neeraj Kumar"]
[Result "0-1"]
[WhiteElo "2265"]
[BlackElo "2375"]

1.e4 g6 2.d4 Bg7 3.Nc3 d6 4.Nf3 Nf6 5.Be2 O-O 6.O-O c6 7.a4 Qc7 8.h3 Nbd7
9.Be3 e5 10.Qd2 Re8 11.dxe5 dxe5 12.Rfd1 Bf8 13.Bg5 Nh5 14.Bf1 Nc5 15.g3 Ne6
16.Be3 Rd8 17.Qe1 Bd7 18.Rac1 Bb4 19.Nd5 cxd5 20.Qxb4 d4 21.Bh6 Nc5 22.Ng5 Ng7
23.Bc4 Nge6 24.Nxe6 Bxe6 25.Bxe6 Nxe6 26.c3 Qc6 27.cxd4 Qxe4 28.Re1 Qf5 29.Rxe5 Qxh3
30.Be3 Qg4 31.Kg2 a5 32.Qb6 Nf8 33.Qf6 Nd7 34.Qg5 Nxe5 35.dxe5 Qe6 36.Qf6 Rac8
37.Rxc8 Rxc8 38.Qxe6 fxe6 39.Bb6 Rc2 40.Bxa5 Rxb2 41.Be1 Re2 42.Bc3 g5 43.Kf1 Rc2
44.Bd4 g4 45.a5  0-1

[Event "IND-ch"]
[Site "?"]
[Date "1994.??.??"]
[Round "2"]
[White "Gokhale, Jayant Suresh"]
[Black "Koshy, Varugeese"]
[Result "1/2-1/2"]
[WhiteElo "2395"]
[BlackElo "2415"]

1.d4 g6 2.e4 Bg7 3.Nc3 d6 4.Be3 a6 5.Qd2 Nd7 6.f3 b5 7.O-O-O Bb7 8.g4 Rc8
9.h4 h5 10.gxh5 Rxh5 11.Kb1 e6 12.Nh3 Qxh4 13.Bg5 Bh6 14.Bxh6 Nxh6 15.Ne2 Qf6
16.Nef4 Rh4 17.Ng2 Rh5 18.Ngf4 Rh4  1/2-1/2

[Event "IND-ch"]
[Site "?"]
[Date "1994.??.??"]
[Round "12"]
[White "Shetty, Rahul"]
[Black "Koshy, Varugeese"]
[Result "0-1"]
[WhiteElo "2340"]
[BlackElo "2415"]

1.e4 g6 2.d4 Bg7 3.Nc3 d6 4.Be3 a6 5.a4 Nc6 6.h3 Nf6 7.Nf3 O-O 8.Be2 e5 9.dxe5 dxe5
10.O-O Be6 11.Ng5 Nd4 12.Nxe6 fxe6 13.Bc4 Kh8 14.Bg5 Qd6 15.Be3 Rad8 16.f3 Qb4
17.Bd3 Qxb2 18.Ne2 Qb6 19.c3 Nxe2+ 20.Qxe2 Qc6 21.Bc4 Nh5 22.Qa2 b5 23.axb5 axb5
24.Bxe6 Nf4 25.Bxf4 exf4 26.Bd5 Qc5+ 27.Kh1 c6 28.Bb3 Bxc3 29.Rac1 b4 30.Rf2 Ra8
31.Qc2 Rfd8 32.Re2 Qe5 33.Ba4 Ra6 34.Bb3 Ra3 35.Rb1 Rda8 36.Rf2 Rd8 37.Qc1 Rd4
38.Ra2 Rxa2 39.Bxa2 Rd2 40.Bb3 Qd4 41.Qf1 Qf2 42.Qxf2 Rxf2 43.Kg1 Bd4 44.Rd1 Rxf3+
45.Rxd4 Rxb3 46.Rc4 Rb1+ 47.Kf2 b3 48.Rxc6 b2 49.Rb6 Kg7  0-1

[Event "IND-ch"]
[Site "?"]
[Date "1994.??.??"]
[Round "18"]
[White "Shantharam, KV."]
[Black "Prasad, Devaki V"]
[Result "0-1"]
[WhiteElo "2260"]
[BlackElo "2445"]

1.d4 g6 2.e4 Bg7 3.Nc3 d6 4.Be3 Nf6 5.f3 c6 6.g4 b5 7.Qd2 O-O 8.Nge2 Nbd7
9.g5 Nh5 10.Ng3 e5 11.Nxh5 gxh5 12.f4 exf4 13.Bxf4 Re8 14.O-O-O Nb6 15.e5 Bg4
16.Ne4 dxe5 17.Nf6+ Kh8 18.Bxe5 Rxe5 19.dxe5 Bxd1 20.Kxd1 Qxd2+ 21.Kxd2 Rd8+
22.Bd3 Nc4+ 23.Kc1 Nxe5 24.Be4 h4 25.Nxh7 Rd4 26.Re1 Rxe4 27.Rxe4 Kxh7 28.Rxh4+ Kg6
29.a4 Kxg5 30.Rb4 a6 31.axb5 axb5 32.b3 f5 33.Rd4 f4 34.Rd1 f3 35.Rg1+ Kf4
36.Kd1 f2  0-1

[Event "Isla Guitart op"]
[Site "Isla Guitart "]
[Date "1994.??.??"]
[Round "?"]
[White "Gonzalez, Renier"]
[Black "Fuentes, Luis"]
[Result "0-1"]
[WhiteElo "2220"]
[BlackElo "2395"]

1.e4 g6 2.d4 Bg7 3.Nc3 d6 4.h4 Nf6 5.Be2 c5 6.d5 h5 7.Nh3 a6 8.a4 O-O 9.Ng5 Ra7
10.f3 b6 11.Bf4 Qc7 12.Qd2 Bd7 13.Ra3 Rb7 14.O-O b5 15.axb5 axb5 16.Ra8 Ne8
17.Rfa1 b4 18.Nd1 Bc8 19.g3 Nf6 20.b3 Nfd7 21.R1a2 Nb6 22.R8a5 N8d7 23.Kg2 c4
24.Qxb4 Nxd5 25.Qxc4 Nb4 26.Qxc7 Rxc7 27.Ra7 Rc5 28.R2a5 Rxc2 29.Kf1 Bd4
30.Ra8 Nb6 31.R8a7 Nc6 32.Ra2 Rxa2 33.Rxa2 f6 34.Rc2 fxg5 35.Bxg5 Bh3+ 36.Ke1 Nb4
37.Rc7 Rc8 38.Rxe7 Bd7 39.Bc4+ Nxc4 40.bxc4 Ba4 41.Re6 Kf7 42.Re7+ Kf8 43.Re6 Be8
44.Rxd6 Rxc4 45.Kd2 Rc2+ 46.Ke1 Rh2 47.Rd8  0-1